| 000 | 01124nam0a22002651 4500 | ||
|---|---|---|---|
| 001 | rc\1088975 | ||
| 005 | 20250622142502.0 | ||
| 035 | _a(NLR Aleph) 006336170 | ||
| 090 |
_a7596354 _c7596354 |
||
| 100 | _a20041126d1984 |||y0rusy50 ca | ||
| 101 | 0 |
_arus _aeng _ager |
|
| 102 | _aRU | ||
| 105 | _ay ||||||||| | ||
| 200 | 1 |
_aМеждународная конференция по аналитическим методам в теории чисел и анализе. Москва, 14-19 сентября 1981 _e[Материалы] |
|
| 210 |
_aМ. _cНаука _d1984 |
||
| 215 |
_a278 с. _d26 |
||
| 225 | 1 |
_aТруды Математического института им. В.А. Стеклова _fАН СССР _vТ. 163 |
|
| 300 | _aТекст на рус., англ. и нем. яз. | ||
| 320 | _aБиблиогр. в конце ст. | ||
| 710 | 1 | 2 |
_aМеждународная конф. по аналитическим методам в теории чисел и анализе _f1981 _eМосква |
| 801 | 0 |
_aRU _bNLR _gpsbo |
|
| 801 | 1 |
_aRU _bELAR _2rusmarc |
|
| 852 |
_aNLR _jП7/248 |
||
| 942 | _cBOOK | ||
| 980 | _aNB | ||